000 00272nam a22001337a 4500
008 170908b xxu||||| |||| 00| 0 eng d
020 _a 3886185532
041 _aeng
080 _a91
100 _a42
101 _aGJEO
245 _aPAKISTAN
_cNELLES
942 _2udc
_cBK
999 _c26864
_d26864